বাংলা উপন্যাসের ইতিহাস / (Record no. 54173)
[ view plain ]
| 000 -LEADER | |
|---|---|
| fixed length control field | 00920nam a2200241 a 4500 |
| 001 - CONTROL NUMBER | |
| control field | 54173 |
| 003 - CONTROL NUMBER IDENTIFIER | |
| rucl marc code | BD-RjUL |
| 005 - DATE AND TIME OF LATEST TRANSACTION | |
| control field | 20211209080100.0 |
| 008 - FIXED-LENGTH DATA ELEMENTS--GENERAL INFORMATION | |
| fixed length control field | 161102s1995 ii ||||| |||| 00| 0 ben d |
| 035 ## - SYSTEM CONTROL NUMBER | |
| System control number | (BD-RjUL)54295 |
| 040 ## - CATALOGING SOURCE | |
| Original cataloging agency | BD-RjUL |
| Language of cataloging | ben |
| Transcribing agency | BD-RjUL |
| Modifying agency | BD-RjUL |
| 041 ## - LANGUAGE CODE | |
| Language code of text/sound track or separate title | ben |
| 082 ## - DEWEY DECIMAL CLASSIFICATION NUMBER | |
| Edition number | 23 |
| Classification number | 891.44309 |
| Author mark and year | GUB 1995 |
| 100 ## - MAIN ENTRY--PERSONAL NAME | |
| Personal name | গুপ্ত , ক্ষেত্র |
| 9 (RLIN) | 136449 |
| 245 10 - TITLE STATEMENT | |
| Title | বাংলা উপন্যাসের ইতিহাস / |
| Statement of responsibility, etc. | ক্ষেত্র গুপ্ত |
| 250 ## - EDITION STATEMENT | |
| Edition statement | ২য় সং. |
| 260 ## - PUBLICATION, DISTRIBUTION, ETC. (IMPRINT) | |
| Place of publication, distribution, etc. | কলকাতা : |
| Name of publisher, distributor, etc. | গ্রন্থনিলয়, |
| Date of publication, distribution, etc. | ১৯৯৫ |
| 300 ## - PHYSICAL DESCRIPTION | |
| Pagination | খণ্ড ; |
| Size | ২১ সেমি. |
| 505 0# - FORMATTED CONTENTS NOTE | |
| Formatted contents note | খণ্ড ১ -- |
| 650 ## - SUBJECT ADDED ENTRY--TOPICAL TERM | |
| Topical term or geographic name as entry element | বাংলা উপন্যাস |
| General subdivision | ইতিহাস ও সমালোচনা |
| 9 (RLIN) | 120092 |
| Topical term or geographic name as entry element | Bengali Fiction |
| General subdivision | History & Criticism |
| 9 (RLIN) | 126365 |
| 942 ## - ADDED ENTRY ELEMENTS (KOHA) | |
| Source of classification or shelving scheme | Dewey Decimal Classification |
| Koha item type | Books |
| Lost status | Source of classification or shelving scheme | Damaged status | Not for loan | Collection code | Permanent Location | Current Location | Shelving location | Date acquired | Source of acquisition | Cost, normal purchase price | Total Checkouts | Full call number | Date last seen | Copy number | Koha item type | Date checked out |
|---|---|---|---|---|---|---|---|---|---|---|---|---|---|---|---|---|
| Dewey Decimal Classification | Fiction | Central Library, University of Rajshahi | Central Library, University of Rajshahi | 28/12/1996 | Ankur prokashoni | 120.00 | B 891.44309 GUB V-1 1995 | 02/11/2016 | C-2 | Books | ||||||
| Dewey Decimal Classification | Fiction | Central Library, University of Rajshahi | Central Library, University of Rajshahi | 09/12/2021 | Ankur Prokasoni, Dhaka | 120.00 | 1 | B 891.44309 GUB V-1 1995 | 17/04/2024 | C-4 | Books | 25/03/2024 |